brainrots - Statistics

General Stats
  • This quiz has been taken 9 times
  • The average score is 8 of 500
Answer Stats
Answer % Correct
?!
100%
tung tung tung sahur
100%
Chimpanzini Bananini
75%
Tralalero Tralala
75%
trippi troppi
75%
Boneca Ambalabu
50%
Brr Brr Patapim
50%
Burbaloni Luliloli
50%
cappuchino assassino
50%
67
25%
bombardiro crocodilo
25%
La Vacca Saturno Saturnita
25%
Lirili Larila
25%
trulimero trulicina
25%
udin din din dun
25%
2026
0%
2026 adalah besok
0%
2027
0%
2036
0%
25
0%
Acid
0%
admin block
0%
Alessandro
0%
alessio
0%
aloo chutney sahur
0%
Ambujambum Bum Bum Bum
0%
ame ame ame sahur
0%
angelita delphinita
0%
anpali babel
0%
Antonio
0%
arcadopus
0%
Arena Arina
0%
avocadorilla
0%
bahn mi ram ram
0%
bajigue
0%
Ballerino Lololo
0%
Bamberclat Crococlat
0%
Bambino Tripi Tropi Tropa Tripa
0%
bambino tum tum sahur
0%
bambu bambu sahur
0%
banananito bandito
0%
ban ban ban sahur
0%
Bantalero Bobo
0%
Batatoso Peloso
0%
Avocadini Antilopini
0%
beduk duk beraduk
0%
Bip Bop Bip Bop
0%
ble ble ble sahur
0%
LoganTech-3000 BC
0%
bobrito bandito
0%
Bombardilo Anubiso
0%
bombardiro cucodach
0%
Bombini Diablosaurini
0%
bombombini gusini
0%
Boneca Ambaloli
0%
boneca malalabu
0%
boom boom boom sahur
0%
Bovinino Bombondino
0%
brainrot god lucky block
0%
Brasilini Berimbini
0%
bronze bronze bronze sahur
0%
brr brr mamabim
0%
Brri Brri Patapima
0%
Buffalo Cactusuffalo
0%
buho de fuego
0%
buho de noelo
0%
bunito bunito spinito
0%
burro burro burro sahur
0%
buzz buzz buzz sahur
0%
bwab bwab bwab sahur
0%
Cabrospaghetti Mistico
0%
caciolero lucertino
0%
Cacto Diavopotamo
0%
Cacto Hipopotamo
0%
cactus formaggio
0%
can can can sahur
0%
Canyon Canyon Canyon Sahur
0%
Capibomba Atomica
0%
cappuccino clownino
0%
car car car sahur
0%
carrotini brainini
0%
Carrottoni Dragoni
0%
cattini sushini
0%
Cavalluccio Virtuoso
0%
celestial pegasus
0%
cheke chichi chucka chu
0%
Chimpanzini Bananini Priestini
0%
Chocolatessino Assassino
0%
chop chop chop sahur
0%
christmasmamat
0%
cloudini gattini
0%
Cloverono Banditono
0%
Coccodrillo Formaggioso
0%
coffin tung tung tung sahur
0%
Cornball Cornball Cornball Sahur Mutante Dua
0%
Cornball Cornball Sahur
0%
corn corn corn sahur
0%
crash crash racecaroo
0%
crocodiani magiani
0%
crocodildo penisini
0%
crocodilo ananasino
0%
cuore amoroso
0%
cuore dannato
0%
cuoricino amoroso
0%
daging daging sahur
0%
dealer lucky block
0%
Demonzini Bananini
0%
developini braziliaspidini
0%
Diavolero Tralala
0%
Diavonitto Giraffini
0%
ding ding ding sahur
0%
dinosahurus
0%
divine starfish
0%
doi doi doi sahur
0%
dojonini assassini
0%
dom dom dom sahur
0%
draculero dracula
0%
dragon canneloni
0%
dragon gingerini
0%
dr dr dr dinosahurus
0%
drr drr patapim
0%
drulimero drulicina
0%
du du du sahur
0%
dug dug dug bedug dug
0%
dug dug dug bedug sahur
0%
dug dug dug sahur
0%
Dukaya
0%
eggplanti angel
0%
eme eme eme sahur
0%
Evilessio
0%
exclamino
0%
Ex Ex Exp
0%
ferro ferro ferro sahur
0%
festive lucky block
0%
fet fet fet sahur
0%
Fishnail Swordlain
0%
Fishybara
0%
Formaggiodrillo Melonazzo
0%
francesco
0%
frappochino assassino
0%
Frederico
0%
frigo angello
0%
Frigo Dragoni
0%
frutta ceryta
0%
Ganganzelli Trulala
0%
gargirgurgargargar
0%
gattatino neonino
0%
gattatino nyanino
0%
Gatto Ventilatore
0%
Gattus Ananassi Maximus
0%
giftinini mananini
0%
Gigalitraktos Spidorobos
0%
Gi Gi Gi Sahur
0%
ginger gerat
0%
ginger ginger sahur
0%
Glorbo Alatrillo
0%
go go go sahur
0%
golden tralalero
0%
goon goon goon sahur
0%
gorgonzilla
0%
griffin
0%
Grr Grr Baraboom
0%
Gusenichnuy Kot
0%
Hamburginni Spotifini
0%
hankini trollini
0%
headless horseman
0%
heart lucky block
0%
hokka horloge
0%
Horse Celeste
0%
hydra dragon canneloni
0%
i2perfectini foxinini
0%
Il Mastodontico Telepiedone Planetario
0%
Ini Adalah Sosok Anak Tiganya Tung Tung Tung Sahur
0%
jahe jahe jahe sahur
0%
jingle jingle sahur
0%
Job job job sahur
0%
jobritto grapefritto
0%
KAK KAK JINGGG! PEKAN TINGGG!
0%
karkurnogakur
0%
Kekekekeke Sahur
0%
ketupat bros
0%
Ketupat Kepat Prekupat
0%
ki ka ki ko
0%
Krang Krang Krang Sahur
0%
Kravelino Cekicino
0%
Kukarakirikur
0%
la casa boo
0%
la chachitung
0%
Ladamadalabla
0%
la eggo bolunita
0%
la food combinasion
0%
la ginger sekolah
0%
la karkertung
0%
Lanterno Octopussino de Elephante
0%
la OG combinasion
0%
la sentinel saturno saturnita
0%
las tungtungtung sahuritas
0%
la thanksgiving combinasion
0%
leaf leaf leaf sahur
0%
Leone Arboricolo
0%
Lepreccooni Watermelunni
0%
Leprechaune Mechaune
0%
Lerulerulerule
0%
Lilalo-Logan
0%
lolak ruek ruk sahur
0%
los 25
0%
los 67
0%
los alessiocitos
0%
los amigos
0%
los bombinitos
0%
los broomcitos
0%
los bros
0%
los clocks
0%
los crocodilitos
0%
los cucarachas
0%
los doidoidoicitos
0%
los ferrocitos
0%
los hotspotsitos
0%
Los Karkerkirkursitos
0%
Los Lirilitos
0%
los lucky blocks
0%
los mobilis
0%
los noo my hotspotsitos
0%
los picpacsitos
0%
los pkinkinitos
0%
Los Sahur
0%
Los Spaghettitos
0%
Los Stantanitos Tralaleritos
0%
los taco blocks
0%
los tatatacitos
0%
los tetetecitos
0%
los tictacsitos
0%
los tipi tacos
0%
los tortus
0%
los tototocitos
0%
Los Trippitroppitos
0%
los tungtungtungcitos
0%
los wikinis
0%
Los W or L
0%
Los Zoccolone Sburrantes
0%
lucky dealer
0%
maga maga maga sahur
0%
maga maga maga sahurita
0%
magiani tankiani
0%
mariachi corazoni
0%
matcha assassino
0%
meowl
0%
Milk Milk Milk Sahur
0%
miskin macaroni
0%
motor sahur
0%
mountain mountain mountain sahur
0%
Mozzalero tralala
0%
Mucca Virtuoso Galaticco
0%
mythic lucky block
0%
nacho spyder
0%
nightmare sahur
0%
noo my hotspot
0%
Noo My Monetaizations
0%
noo my tung tung
0%
nyan cat
0%
OG lucky block
0%
omega patapim
0%
omega sahur
0%
OP
0%
Owlcano
0%
palettini amorini
0%
paman paman sahur
0%
Paolo
0%
patapimi ananasini
0%
penguino cocosino
0%
perrito burrito
0%
phone phone pone sahur
0%
pic pac sahur
0%
Pillary Ruins Pillary Ruins Sahur
0%
Pineapplelolo Pipi
0%
pingu amore
0%
pinkberrini cuoricini
0%
pipi halolo
0%
Pipi Hippo
0%
Pipi Panchito
0%
pi pi pe pe po po
0%
pi pi pie pie
0%
pipi potato
0%
pipi present
0%
Pipi Strawberry
0%
Pippi Poppa Pippo Peppe
0%
pitaya pitaya pitaya sahur
0%
pkin kin kin kun
0%
Plorbo Lemozzadrillo
0%
pop pop pop sahur
0%
pot hotspot
0%
premium festive lucky block
0%
premium heart lucky block
0%
Prestige Ballerino Lololo
0%
prestige ban ban ban sahur
0%
prestige caciolero lucertino
0%
prestige cuore amoroso
0%
prestige frappochino assassino
0%
prestige la thanksgiving combinasion
0%
prestige Mozzalero tralala
0%
prestige palettini amorini
0%
prestige pi pi pie pie
0%
prestige skull skull skull sahur
0%
prestige snow snow sahur
0%
quesadilla crocodilla
0%
quesadillo vampiro
0%
questionino
0%
racoonni watermelunni
0%
rainbow tung tung sahur
0%
Ranardo Il Ritmico
0%
ra ra rasputin
0%
Raspberrini Rabbitini
0%
Rattino Cheddarino
0%
Relogini Gustavini
0%
Rhino Helicopterino
0%
rhino toasterino
0%
Rich Rich 50 Sahur Papayano Pippaolo
0%
Rich Rich Sahur
0%
Robertoo
0%
Robloxinni Viciosinni
0%
rocco disco
0%
rui rui rui sahur
0%
ru rub rubi ru sahur
0%
sammyni spyderini
0%
Sang Detektif Penglihat Jejak Kaki Tung Tung Tung Sahur
0%
Santanzelli Trulala
0%
sap sap sap sahur
0%
sa sa sa sahur
0%
sa sa sa tahur
0%
secret lucky block
0%
Semua Mobilnya Tung Tung Tung Sahur
0%
Shakramatmatmatmat
0%
shelly
0%
ship ship ship sahur
0%
Sigma Boy
0%
Sigma girl
0%
Skibidi Skibidi Skibidi Sahur
0%
skibidi toilet
0%
skull skull skull
0%
skull skull skull sahur
0%
slop slop slop sahur
0%
slow slow sahur
0%
snailenzo
0%
Snowballi Snowballini
0%
snowmanito bandito
0%
snow snow sahur
0%
speed limit sahur
0%
Spike Spike Ball Sahur
0%
spioniro golubiro
0%
spongini quackini
0%
spooky lucky block
0%
Squallo cavallo
0%
statutino libertino
0%
stop stop stop sahur
0%
strawberry elephant
0%
suh suh suh sahur
0%
Svinokrini Bombarcini
0%
Swagarro Sigarro
0%
taco block
0%
tacorito bandito
0%
taco taco taco sahur
0%
tamaluk un meass
0%
tanggu tanggu sahur
0%
tang tang tang sahur
0%
tantrum rum takum fum sahum
0%
Tara Tara Tara Mun Podtredshoxim Mavin
0%
ta ta ta ta sahur
0%
tea tea tea sahur
0%
teng teng teng sahur
0%
teodor infuse
0%
te te te fridge
0%
te te te sahur
0%
tic tac sahur
0%
Tic Tac Tok Afammoc
0%
tic tic tic sahur
0%
tigrillini watermelini
0%
tim cheese
0%
ting ting ting sahur
0%
Tirilikalika Tirilikalako
0%
ti ti ti sahur
0%
toctactuctuctucpelotictoc
0%
toc toc toc sahur
0%
Tok Tok Matah
0%
Tomini Erdbeermarmeladebrothonigini
0%
Tong Tong Tong Pakitong
0%
tootini shrimpini
0%
Top G Boy
0%
Torotmorotmotmotmorottorotmororot
0%
Torrtuginni Dragonfrutinni
0%
Torrtuginni Fruttaginni
0%
to to to sahur
0%
tracoducotulu delepeladustuz
0%
traffic light traffic light traffic light sahur
0%
tralalero kingala
0%
tralalero quad
0%
Tralalero Uncleini
0%
Tralalero Watermelonini
0%
tra tra tra sahur
0%
traz traz traz sahur
0%
tre tre tre sahur
0%
trickolino
0%
Trifoglita Bicicleta
0%
triplito tralaleritos
0%
tri tri tri sahur
0%
tri tri tri sarur
0%
troll troller
0%
tro tro tro sahur
0%
trulibau trulibanana
0%
Truliluru Tralaluno
0%
T T T Sahur
0%
tuff toucan
0%
Tuk Tik Tak Tik Tuk Sepatu Kuda
0%
tuna bicicleteira
0%
tung tung nobody asked
0%
Tung Tung Tung Cookie
0%
tung tung tung sahurita
0%
turn turn turn sahur
0%
tut tut tut sahur
0%
tu tu tu sahur
0%
ty ty ty sahur
0%
Uccelloburger
0%
udin din din dan
0%
U Din Din Din Din Glorbo
0%
U Don Don Don Don Dan Ma Don Don Don Don Dan
0%
Uia Uia Uia
0%
Ulangan Kertas Anomali
0%
Ular Itu
0%
Ulat bomber malajin
0%
ultrakill sahur
0%
Umbrellina
0%
Un Alca Da Toilette
0%
unclito samito
0%
Unicornio Taco
0%
Unikitty Bombardaro
0%
Uni Unicorn
0%
Unto Pambi
0%
U okingushīfūdo
0%
Urubini Flamenguini
0%
U te este
0%
U U U Sahur
0%
U U U Ulangan
0%
uuuuuuu uuuuu
0%
V3N0M.EXE
0%
vacita ambalabusita
0%
Valley Valley Valley Sahur
0%
vanny
0%
vat ly
0%
veronica
0%
vinny
0%
vivivi sahur
0%
vi vi vi sahur
0%
void nuclearo dinosauro
0%
Volcano Volcano Volcano Sahur
0%
vroom vroom sahur
0%
V V V sahur
0%
wait wait wait sahur
0%
Wakil Merge Fellas
0%
walimero bombero
0%
Wallotelita Tralalita
0%
Wallotelo Tralala
0%
warning warning warning sahur
0%
Warshipero Foxerino
0%
waterius surfius
0%
wato mello
0%
Wat Wat Zak Patat
0%
we are the ta ta ta sahurs
0%
we are the te te te sahurs
0%
we are the ti ti ti sahurs
0%
we are the to to to sahurs
0%
we are the tung tung tung sahurs
0%
we walk the talk
0%
wih wih wih wih
0%
wikini endini sahur
0%
wikini endini sahurita
0%
wikini startini sahur
0%
william
0%
win win win sahur
0%
woah sa wakas
0%
wolfi beefe
0%
wolfi lambe
0%
wolfinita porkinita
0%
wolfinito chickinito
0%
wolfi sheepe
0%
W or L
0%
WORMROT
0%
Wütend, kein WLAN Telefon
0%
wuzz never goon patipum
0%
W W W Sahur
0%
Xyz2
0%
yanini doctorini
0%
YONA
0%
YONI
0%
YONI PONI
0%
yoyle yoyle sahur
0%
zebra zebra zebra sahur
0%
zibra zubra zibralini
0%
Zopini Bandini
0%
No matching quizzes found
Score Distribution
Percent of People with Each Score
Percentile by Number Answered
Your Score History
You have not taken this quiz